2022-23 Serie A First XI - Statistics

General Stats
  • This quiz has been taken 592 times
  • The average score is 86 of 220
Answer Stats
Team Player % Correct
AC Milan Mike Maignan
97%
AC Milan Rafael Leão
92%
AC Milan Theo Hernandez
92%
AC Milan Fikayo Tomori
91%
AC Milan Ismael Bennacer
87%
AC Milan Davide Calabria
84%
AS Roma Paulo Dybala
84%
Lazio Gil Patric
82%
AS Roma Rui Patrício
82%
AC Milan Pierre Kalulu
81%
AS Roma Tammy Abraham
81%
AC Milan Brahim Diaz
79%
AS Roma Chris Smalling
79%
Inter Milan Lautaro Martínez
79%
Inter Milan Romelu Lukaku
79%
Inter Milan Samir Handanović
79%
AC Milan Ante Rebić
78%
Juventus Dušan Vlahović
78%
Lazio Sergej Milinkovic-Savic
78%
Torino Vanja Milinković-Savić
78%
Lazio Ciro Immobile
76%
Fiorentina Lucas Martinez Quarta
76%
Inter Milan Milan Škriniar
76%
Napoli Victor Osimhen
76%
Juventus Weston Mckennie
76%
Juventus Juan Cuadrado
75%
Inter Milan Stefan de Vrij
75%
Inter Milan Hakan Çalhanoğlu
74%
Napoli Hirving Lozano
74%
Napoli Kim Min-jae
74%
Inter Milan Marcelo Brozović
74%
Juventus Alex Sandro
73%
Juventus Danilo
73%
Atalanta Duvan Zapata
73%
Napoli Mário Rui
73%
Inter Milan Nicolò Barella
73%
Napoli Piotr Zieliński
73%
Napoli Alex Meret
72%
Napoli Giovanni Di Lorenzo
71%
Napoli Khvicha Kvaratskhelia
71%
AC Milan Rade Krunic
71%
Napoli André-Frank Zambo Anguissa
70%
AS Roma Lorenzo Pellegrini
70%
Juventus Bremer
69%
Juventus Leonardo Bonucci
69%
Atalanta Luis Muriel
69%
Napoli Stanislav Lobotka
68%
Inter Milan Robin Gosens
67%
Spezia Simone Bastoni
67%
Juventus Mattia Perin
65%
Atalanta Marten De Roon
64%
Napoli Amir Rrahmani
62%
Atalanta Juan Musso
62%
Atalanta Mario Pašalić
61%
Lazio Felipe Anderson
60%
AS Roma Bryan Cristante
59%
AS Roma Gianluca Mancini
59%
Bologna Marko Arnautović
59%
Fiorentina Sofyan Amrabat
59%
Atalanta Teun Koopmeiners
58%
Juventus Denis Zakaria
57%
AC Milan Junior Messias
57%
Juventus Ángel Di María
55%
Atalanta Berat Djimsiti
55%
Juventus Manuel Locatelli
55%
Atalanta Rafael Toloi
55%
AS Roma Roger Ibañez
55%
Lazio Adam Marusic
54%
Inter Milan Matteo Darmian
54%
Fiorentina Nikola Milenković
54%
Lazio Alessio Romagnoli
52%
Fiorentina Luka Jović
52%
AS Roma Leonardo Spinazzola
51%
Bologna Łukasz Skorupski
51%
AS Roma Rick Karsdorp
51%
Inter Milan Federico Dimarco
50%
Atalanta Hans Hateboer
50%
Torino Ricardo Rodríguez
50%
Sassuolo Domenico Berardi
49%
Lazio Mattia Zaccagni
49%
Sassuolo Andrea Consigli
47%
Atalanta Joakim Mæhle
47%
Monza Pablo Marí
47%
Empoli Guglielmo Vicario
45%
Lazio Manuel Lazzari
45%
AS Roma Nicolò Zaniolo
45%
Bologna Gary Medel
44%
Cremonese Ionuț Radu
44%
Fiorentina Cristiano Biraghi
41%
Spezia M'Bala Nzola
41%
Udinese Gerard Deulofeu
40%
Lazio Luis Maximiano
40%
Torino Antonio Sanabria
39%
Spezia Bartłomiej Drągowski
39%
Sampdoria Emil Audero
39%
Fiorentina Giacomo Bonaventura
37%
Lazio Danilo Cataldi
36%
Bologna Lorenzo De Silvestri
36%
Monza Michele Di Gregorio
36%
Sampdoria Omar Colley
35%
Fiorentina Christian Kouame
33%
Sassuolo Gregoire Defrel
33%
Udinese Marco Silvestri
33%
Sampdoria Francesco Caputo
32%
Lazio Toma Bašić
32%
Lecce Wladimiro Falcone
32%
Sampdoria Alex Ferrari
30%
Sassuolo Gian Marco Ferrari
30%
Hellas Verona Mattia Chiesa
30%
Sassuolo Mert Müldür
30%
Bologna Nicolás Domínguez
30%
Fiorentina Pierluigi Gollini
30%
Torino Wilfried Singo
30%
Sampdoria Bartosz Bereszynski
29%
Torino Karol Linetty
29%
Empoli Razvan Marin
29%
Sampdoria Tomas Rincon
29%
Monza Andrea Petagna
28%
Salernitana Antonio Candreva
28%
Cremonese David Okereke
28%
Monza Carlos Augusto
27%
Lecce Federico Baschirotto
27%
Hellas Verona Koray Günter
27%
Salernitana Federico Fazio
26%
Hellas Verona Ivan Ilić
26%
Hellas Verona Darko Lazović
25%
Sassuolo Davide Frattesi
25%
Lecce Gabriel Strefezza
25%
Sassuolo Kaan Ayhan
25%
Empoli Liam Henderson
25%
Empoli Nedim Bajrami
25%
Fiorentina Riccardo Sottil
25%
Udinese Roberto Pereyra
25%
Cremonese Cyriel Dessers
24%
Empoli Petar Stojanović
24%
Torino Aleksej Miranchuk
23%
Monza Gianluca Caprari
23%
Salernitana Grigoris Kastanos
23%
Hellas Verona Pawel Dawidowicz
23%
Hellas Verona Thomas Henry
23%
Hellas Verona Adrien Tameze
22%
Empoli Ardian Ismajli
22%
Sampdoria Filip Đuričić
22%
Udinese Isaac Success
22%
Spezia Jakub Kiwior
22%
Salernitana Lassana Coulibaly
22%
Salernitana Luigi Sepe
22%
Lecce Morten Hjulmand
22%
Torino Nemanja Radonjic
22%
Torino Ola Aina
22%
Torino Samuele Ricci
22%
Empoli Sebastiano Luperto
22%
Bologna Charalampos Lykogiannis
21%
Lecce Joan Gonzalez
21%
Bologna Nicola Sansone
21%
Bologna Roberto Soriano
21%
Sassuolo Rogério
21%
Cremonese Vlad Chiricheș
21%
Empoli Fabiano Parisi
20%
Sassuolo Georgios Kyriakopoulos
20%
Torino Koffi Djidji
20%
Sassuolo Matheus Henrique
20%
Udinese Nehuen Perez
20%
Salernitana Norbert Gyömbér
20%
Udinese Rodrigo Becão
20%
Sampdoria Tommaso Augello
20%
Lecce Assan Ceesay
19%
Cremonese Johan Vasquez
19%
Spezia Daniele Verde
18%
Spezia Emmanuel Gyasi
18%
Monza Marlon
18%
Lecce Antonino Gallo
17%
Udinese Bram Nuytinck
17%
Hellas Verona Davide Faraoni
17%
Salernitana Erik Botheim
17%
Salernitana Federico Bonazzoli
17%
Bologna Jerdy Schouten
17%
Lecce Valentin Gendrey
17%
Monza Filippo Ranocchia
16%
Empoli Mattia Destro
16%
Sampdoria Ronaldo Vieira
16%
Empoli Sam Lammers
16%
Sampdoria Abdelhamid Sabiri
15%
Hellas Verona Kevin Lasagna
15%
Hellas Verona Martin Hongla
15%
Udinese Walace
15%
Bologna Adama Soumaoro
14%
Atalanta Caleb Okoli
14%
Lecce Federico Di Francesco
14%
Sassuolo Kristian Thorstvedt
14%
Monza Samuele Birindelli
14%
Salernitana Tonny Vilhena
14%
Salernitana Dylan Bronn
13%
Spezia Kevin Agudelo
13%
Spezia Arkadiusz Reca
12%
Salernitana Pasquale Mazzocchi
12%
Udinese Adam Masina
11%
Empoli Filippo Bandinelli
11%
Udinese Jean-Victor Makengo
11%
Cremonese Charles Pickel
10%
Cremonese Luca Zanimacchia
10%
Fiorentina Marco Benassi
10%
Spezia Mehdi Bourabia
10%
Lecce Mert Çetin
10%
Fiorentina Youssef Maleh
10%
Bologna Andrea Cambiaso
9%
Cremonese Gonzalo Escalante
9%
Cremonese Matteo Bianchetti
9%
Spezia Mattia Caldara
9%
Hellas Verona Bruno Amione
8%
Spezia Dīmītrīs Nikolaou
8%
Monza Mattia Valoti
8%
Sampdoria Mehdi Leris
8%
Cremonese Paolo Ghiglione
8%
Monza Andrea Barberis
7%
Udinese Brandon Soppy
7%
Cremonese Leonardo Sernicola
7%
Monza Marco D'Alessandro
6%
Lecce Kristijan Bistrović
5%
Torino Ndary Adopo
5%
No matching quizzes found
Score Distribution
Percent of People with Each Score
Percentile by Number Answered
Your Score History
You have not taken this quiz